000
00229 a2200097 4500
001
23264
100
_a
Phillips, A.L
245
_a
Welding handbook Pt 2 : welding processes
260
_a
_b
Macmillan
_c
1969
090
_c
15772
_d
15772
942
_a
NUST-CAE
_c
M
_c
6416
999
_c
258337
_d
258337